Public development projects and the historic built environment: comparing the English and Amercian approach (Record no. 72765)

MARC details
000 -LEADER
fixed length control field 02040cam a2200313 4500
001 - CONTROL NUMBER
control field ABS66687
008 - FIXED-LENGTH DATA ELEMENTS--GENERAL INFORMATION
fixed length control field 030527n2003 000 0 eng u
035 ## - SYSTEM CONTROL NUMBER
System control number (Sirsi) u122416
100 ## - MAIN ENTRY--PERSONAL NAME
Personal name Shelbourne, C.
245 ## - TITLE STATEMENT
Title Public development projects and the historic built environment: comparing the English and Amercian approach
260 ## - PUBLICATION, DISTRIBUTION, ETC.
Date of publication, distribution, etc. 2003
490 ## - SERIES STATEMENT
Series statement Journal of Planning and Environment Law
Volume/sequential designation June 2003, 678-689(12)
520 ## - SUMMARY, ETC.
Summary, etc. Examines the provisions governing public development projects affecting the historic built environment in England and the United States. Explains that there are no statutory limitations on government projects within the development control process in England; instead governments rely on DoE Circular 18/84, "Crown land and crown development". Outlines the requirements of DoE Circular 18/84 and describes how it applies to the specialist controls over the historic built environment. Notes that major infrastructure projects are an exception to the general rules and looks at the SoS's power to make Works Orders under the Transport and Works Act 1992. In the United States the situation is very different with government development proposals subjected to tight statutory controls. Explains the requirements of the National Heritage Preservation Act 1966 s106 in detail and concludes that the US system is superior as it provides a comprehensive review of the likely impact of the project on the historic environment and is integrated into the planning process. Case law.
590 ## - LOCAL NOTE (RLIN)
Local note ABS
650 ## - SUBJECT ADDED ENTRY--TOPICAL TERM
Topical term or geographic name entry element UNITED STATES
650 ## - SUBJECT ADDED ENTRY--TOPICAL TERM
Topical term or geographic name entry element TRANSPORT AND WORKS ACT 1992
650 ## - SUBJECT ADDED ENTRY--TOPICAL TERM
Topical term or geographic name entry element CONSERVATION
650 ## - SUBJECT ADDED ENTRY--TOPICAL TERM
Topical term or geographic name entry element DOE CIRCULAR 18/1984
650 ## - SUBJECT ADDED ENTRY--TOPICAL TERM
Topical term or geographic name entry element CROWN IMMUNITY
650 ## - SUBJECT ADDED ENTRY--TOPICAL TERM
Topical term or geographic name entry element NATIONAL HERITAGE PRESERVATION ACT 1966 S106
650 ## - SUBJECT ADDED ENTRY--TOPICAL TERM
Topical term or geographic name entry element PUBLIC DEVELOPMENT
650 ## - SUBJECT ADDED ENTRY--TOPICAL TERM
Topical term or geographic name entry element DEVELOPMENT PROJECTS
650 ## - SUBJECT ADDED ENTRY--TOPICAL TERM
Topical term or geographic name entry element INFRASTRUCTURE PROJECTS
650 ## - SUBJECT ADDED ENTRY--TOPICAL TERM
Topical term or geographic name entry element HISTORIC ENVIRONMENT
650 ## - SUBJECT ADDED ENTRY--TOPICAL TERM
Topical term or geographic name entry element BUILT ENVIRONMENT
650 ## - SUBJECT ADDED ENTRY--TOPICAL TERM
Topical term or geographic name entry element LISTED BUILDINGS
690 ## - LOCAL SUBJECT ADDED ENTRY--TOPICAL TERM (OCLC, RLIN)
Topical term or geographic name as entry element PROPERTY-PROPERTY DEVELOPMENT
942 ## - ADDED ENTRY ELEMENTS (KOHA)
Suppress in OPAC 0
Holdings
Withdrawn status Lost status Source of classification or shelving scheme Damaged status Not for loan Home library Current library Shelving location Date acquired Total Checkouts Full call number Barcode Date last seen Copy number Price effective from Koha item type
    Dewey Decimal Classification     London London Journal article 27/05/2003   ABS66687 122416-1001 06/08/2019 1 06/08/2019 Journal article